zpět

Detail výsledku týmu

Záložna ST, Pardubice

Datum a čas kvízu

25.5 Celkem bodů Celkový počet nahraných bodů na tomto kvízu bez doplňovacích otázek.
10. Pořadí na kvízu Konečné umístění týmu na tomto kvízu.

Zaznamenané odpovědi

# Otázka Odpověď Body Výsledky
1. Policie prověřuje bývalého šéf... Robert Šlachta 1
2. Jeden výrobce pneumatik zakáza... Goodyear 0
3. Ve čtvrtek byl českým divákům... Agnieszka Hollandová 1
4. Potravinářská společnost Knorr... Cikánská omáčka 1
5. Jeden český hokejový klub zmod... Dynamo Pardubice 1
6. Začneme u nás, konkrétně drama... Kat a blázen 0
7. Jak se jmenují tři sestry ve s... C 0
8. William Shakespeare pochopitel... Oscar Wilde 1
9. Divadelní hry se samozřejmě ne... Jiráskův Hronov 0
10. Jak se jmenuje veleúspěšná hra... Hrdý Budžes 0